Odgadnij film w którym grał dany aktor - Statystyki

Ogólne statystyki
  • Ten quiz został rozwiązany 122 razy
  • Średni wynik to 8 z 16
Statystyki odpowiedzi
Obrazkowy Odpowiedź % Poprawnych
Piraci z Karaibów
87%
Świat według kiepskich
74%
Thor
68%
Harry Potter
67%
Szybcy i Wściekli
59%
Deadpool
56%
Dr House
54%
Kiler
51%
Ojciec Mateusz
51%
Ranczo
48%
Indiana Jones
47%
Superman
36%
Kac Vegas
34%
Batman
33%
Głupi i Głupszy
16%
X men
16%
Nie znaleziono quizów pasujących do podanych kryteriów
Rozkład punktacji
Procent ludzi z każdym wynikiem
Percentyl według liczby udzielonych odpowiedzi
Twoja historia wyników
Nie rozwiązałeś tego quizu